000 00367nam a22001577a 4500
003 MPLRDC
005 20220104113705.0
008 210129b ||||| |||| 00| 0 eng d
082 _a857.9 NK-2 v.11
100 _a倪匡著
245 _a大侠金旋风
_c
260 _a
_b毅力出版社
_c
300 _b
650 _a武侠小说
942 _cBK
_o857.9 NK-2 v.11
999 _c1589
_d1579